| Tag |
First Indicator |
Second Indicator |
Subfields |
| LEADER |
00000cam a2200000 4500 |
| 001 |
in00000026188 |
| 005 |
20230511153753.7 |
| 008 |
781101s1946 txua b 000 0 eng |
| 010 |
|
|
|a 47001147
|
| 035 |
|
|
|a (OCoLC)04339129
|
| 035 |
|
|
|9 AAD1379AM
|
| 040 |
|
|
|a DLC
|c IRU
|d m.c.
|d TXA
|d UtOrBLW
|
| 049 |
|
|
|a TXAS
|c 2 [A08609473]
|a TXAM [813] [R476]
|c 1 [158587]
|
| 050 |
0 |
0 |
|a PZ3.R3443
|b Li
|
| 090 |
|
|
|a PS3535.H68
|b L47 1946
|
| 100 |
1 |
|
|a Rhodes, Eugene Manlove,
|d 1869-1934.
|
| 245 |
1 |
4 |
|a The Little World waddies /
|c by Eugene Manlove Rhodes, illustrated by Harold Bugbee. Designed and printed at The Pass on the Rio Bravo by Carl Hertzog for William Hutchinson of Cohasset Stage, Chico, California.
|
| 264 |
|
1 |
|a [El Paso, Tex.],
|b [publisher not identified] ;
|c [1946]
|
| 264 |
|
4 |
|c ©1946
|
| 300 |
|
|
|a xxv, 234 pages :
|b including frontispiece (portrait) illustrations ;
|c 24 cm.
|
| 336 |
|
|
|a text
|b txt
|2 rdacontent
|
| 337 |
|
|
|a unmediated
|b n
|2 rdamedia
|
| 338 |
|
|
|a volume
|b nc
|2 rdacarrier
|
| 500 |
|
|
|a Map on lining-papers.
|
| 500 |
|
|
|a Cushing Library/Dykes Dobie copy is signed by H.D. Bugbee and inscribed with publication information by J Frank Dobie.
|
| 500 |
|
|
|a "1000 copies printed December 1946" - title page verso.
|
| 504 |
|
|
|a Includes bibliographical references (pages [225]-234).
|
| 500 |
|
|
|a The Cushing Library/Lit./Dobie copy was acquired as part of Jeff C. Dykes' J. Frank Dobie Collection.
|
| 500 |
|
|
|a The Cushing Library/Dykes Collection copies contains the inscription "For "Little Sug," on her birthday, from one who had a very minor part in producing this book- Her Daddy- March 29, 1947".
|
| 700 |
1 |
|
|a Bugbee, H. D.
|q (Harold Dow),
|d 1900-1963.
|
| 700 |
1 |
|
|a Dobie, J. Frank
|q (James Frank),
|d 1888-1964.
|
| 700 |
1 |
|
|a Hertzog, Carl.
|
| 700 |
1 |
|
|a Goldsmith, Martha Dykes,
|d 1927-2018,
|e dedicatee (item).
|5 TXA
|
| 999 |
|
|
|a MARS
|
| 999 |
f |
f |
|s d7b31b71-8041-33f2-9152-8b32ce91e0d6
|i c2845411-6290-33e4-8f97-ef72ce17193f
|t 0
|
| 952 |
f |
f |
|p ric
|a Texas A&M University
|b Rellis Campus
|c Joint Library Facility
|s JLF
|d Remote Storage
|t 0
|e PS3535.H68 L47 1946
|h Library of Congress classification
|i unmediated -- volume
|m A14801248690
|
| 998 |
f |
f |
|a PS3535.H68 L47 1946
|t 0
|l Remote Storage
|